000 00790nam a22002057a 4500
999 _c20265
_d20265
003 AR-CdUCM
008 190528b ||||| |||| 00| 0 spa d
040 _aMUNICIPALIDAD PROVINCIAL DEL CUSCO
_cBIBLIOTECA MUNICIPAL DEL CUSCO
082 _a621.3 /
_bB17
100 _aBalabanian, Norman
_941195
245 _aIngeniería eléctrica :
_bredes de diodos y resistivas /
260 _aMéxico :
_bCentro regional de ayuda técnica,
_c1971.
300 _a301 páginas ;
_c23 cm.
505 _aContenido: Corriente y ley corrientes de Kirchhoff -- Voltaje y ley de voltajes de Kirchhoff -- Ley de Ohm, fuentes y potencia...
650 _aIngeniería eléctrica
_923057
650 _aVoltajes
_942352
700 _aLe Page, Wilbu R.
_942353
942 _2ddc
_cLIBROS
945 _adavv
_d2019-05-28